| 000 | 01054nam a22002777a 4500 | ||
|---|---|---|---|
| 999 |
_c161426 _d161426 |
||
| 005 | 20190808113122.0 | ||
| 010 | _a1819CHEN B-719007-9027 | ||
| 020 |
_a9789352752386 _c395.00 |
||
| 035 | _aB-719007-9027 | ||
| 035 | _aB-728544 | ||
| 037 | _bBharatiya Sahitya Bhavana | ||
| 082 | _aS | ||
| 100 | _aStilton, Geronimo | ||
| 245 |
_aCyber-thief showdown / _cby Geronimo Stilton; translated by Anna Pizzelli; illustrated by Giuseppe Ferrario,Roberta Bianchi [and] Giulia Zaffaroni |
||
| 260 |
_aNew York _bScholastic Inc. _c2018 (repr.) |
||
| 270 |
_a557 Broadway _bNew York _e10012 |
||
| 300 |
_a107p.: _bcol. ill. _c20cm(Hb) |
||
| 500 | _aAirport | ||
| 700 | _aPizzelli, Anna | ||
| 700 | _aFerrario,Giuseppe | ||
| 700 | _aBianchi,Roberta | ||
| 700 | _aZaffaroni,Giulia | ||
| 942 |
_2ddc _cCH _mSTI _hS |
||